000 00432nam a2200157Ia 4500
003 GCL
008 140319s9999 xx 000 0 ara d
040 _aGCL /
_cGCL
082 0 4 _a813.03
_bا ى
100 1 _aامين يوسف غراب
245 1 0 _aيوم الثلاثاء /
_cامين يوسف غراب
490 _aالكتاب الذهبى
_v0
650 0 4 _aالادب العربى
650 0 4 _aالادب
942 _2ddc
_cBK
999 _c41828
_d41828